ភូមិសាស្រ្តសេដ្ឋកិច្ចកម្ពុជា (Record no. 9876)
[ view plain ]
| 000 -LEADER | |
|---|---|
| fixed length control field | 00307nam a22001217a 4500 |
| 040 ## - CATALOGING SOURCE | |
| Transcribing agency | SK |
| 082 ## - DEWEY DECIMAL CLASSIFICATION NUMBER | |
| Classification number | 330 |
| 100 ## - MAIN ENTRY--AUTHOR NAME | |
| Personal name | អ៊ូ វ័ឌី |
| 245 ## - TITLE STATEMENT | |
| Title | ភូមិសាស្រ្តសេដ្ឋកិច្ចកម្ពុជា |
| 260 ## - PUBLICATION, DISTRIBUTION, ETC. (IMPRINT) | |
| Place of publication | RUA |
| Name of publisher | អ៊ូ |
| Year of publication | NA |
| 300 ## - PHYSICAL DESCRIPTION | |
| Number of Pages | 61p. |
| 942 ## - ADDED ENTRY ELEMENTS (KOHA) | |
| Koha item type | សៀវភៅភាសាខ្មែរ |
| 952 ## - LOCATION AND ITEM INFORMATION (KOHA) | |
| Withdrawn status [LOCAL, KOHA] | 0 |
| Permanent Location | Date acquired | Koha item type | Lost status | Shelving location | Barcode | Current Location | Full call number |
|---|---|---|---|---|---|---|---|
| Library Block C | 2016-09-14 | សៀវភៅភាសាខ្មែរ | C068 | RUA43914 | Library Block C | 330 អ៊ូ NA C068 |